| 000 | 01334nam2a2200253 4500 | ||
|---|---|---|---|
| 001 | RU\NLR\BIBL_A\012155207 | ||
| 005 | 20250623215118.0 | ||
| 035 | _a(NLR Aleph) 012155207 | ||
| 090 |
_a12162943 _c12162943 |
||
| 100 | _a20191204d2017 |||y0rusy50 ca | ||
| 101 | 0 | _arus | |
| 102 | _aRU | ||
| 105 | _aa|||z|||000zy | ||
| 200 | 0 | _a2016 | |
| 210 |
_d2017 _aБ. м. |
||
| 215 |
_a51 с. _cцв. ил. |
||
| 300 | _aВ макете загл.: Отчет о работе Корпоративной сети общедоступных библиотек Санкт-Петербурга в 2015 году | ||
| 461 | 0 |
_1001RU\NLR\BIBL_A\012172816 _12001#$aЦифры и комментарии$fКорпоративная сеть общедоступных библиотек$g[составитель: Т.А. Корякова]$v2016 _912249139 _cСПБ _d2017 _fКорпоративная сеть общедоступных библиотек _nКСОБ _tЦифры и комментарии _v2016 |
|
| 517 | 1 | _aОтчет о работе Корпоративной сети общедоступных библиотек Санкт-Петербурга в 2015 году | |
| 942 | _cBOOK | ||
| 980 | _aNB | ||